History - American History | 3 | 0 | 1 | 0 | 40 | 59 | 59.00 | 3 | 3 |
Literature - World Literature | 0 | 3 | 0 | 0 | 30 | 86 | 96.00 | 0 | 0 |
Current Events | 0 | 2 | 0 | 0 | 20 | 93 | 103.50 | 0 | 2 |
History - World History | 0 | 2 | 1 | 1 | 15 | 72 | 83.00 | 0 | 1 |
Science - Chemistry | 0 | 2 | 1 | 1 | 15 | 102 | 113.00 | 0 | 1 |
Science - Biology | 1 | 0 | 0 | 0 | 15 | 18 | 18.00 | 1 | 1 |
Religion | 0 | 1 | 0 | 0 | 10 | 128 | 128.00 | 1 | 1 |
Literature - European Literature | 0 | 1 | 0 | 0 | 10 | 129 | 129.00 | 0 | 0 |
History - European History | 0 | 1 | 0 | 0 | 10 | 77 | 77.00 | 0 | 0 |
History - Other History | 0 | 1 | 0 | 0 | 10 | 120 | 120.00 | 0 | 0 |
Literature - American Literature | 0 | 1 | 0 | 0 | 10 | 105 | 105.00 | 0 | 0 |
Literature - British Literature | 0 | 1 | 0 | 1 | 10 | 115 | 115.00 | 0 | 1 |
Mythology | 0 | 1 | 0 | 0 | 10 | 96 | 96.00 | 0 | 1 |
Fine Arts - Other Fine Arts | 0 | 1 | 1 | 0 | 5 | 94 | 94.00 | 1 | 1 |
Science - Other Science | 0 | 1 | 1 | 1 | 5 | 135 | 135.00 | 0 | 0 |
Social Science | 0 | 1 | 1 | 0 | 5 | 119 | 119.00 | 0 | 1 |